[Event "Titled Tuesday intern op 14th April"]
[Site "Chess.com INT"]
[Date "2020.04.14"]
[Round "1"]
[White "Raghunandan, Kaumandur Srihari"]
[Black "Obad, Andrija"]
[Result "1-0"]
[WhiteElo "2448"]
[BlackElo "2279"]
[PlyCount "57"]
[EventDate "2020.04.14"]
[EventType "swiss (blitz)"]
[EventRounds "10"]
[EventCountry "USA"]
[SourceTitle "EXT 2021"]
[Source "ChessBase"]
[SourceDate "2020.10.23"]
[SourceVersion "1"]
[SourceVersionDate "2020.10.23"]
[SourceQuality "1"]

1. e4 c6 2. d4 d5 3. e5 Bf5 4. Nf3 e6 5. Be2 Ne7 6. 0-0 Nd7 7. Nbd2 h6 8. Nb3 Ng6 9. a4 a6 10. a5 f6 11. exf6 Nxf6 12. Bd3 Bd6 13. Re1 0-0 14. Ne5 Bxe5 15. dxe5 Nd7 16. Bxf5 Rxf5 17. f4 Qe7 18. Nd4 Rff8 19. Qg4 Kh7 20. Nxe6 Rfe8 21. Nd4 Qc5 22. Be3 Qb4 23. Qxd7 Re7 24. Qg4 Qxb2 25. e6 Rf8 26. f5 Ne5 27. Qg3 Nc4 28. Bf2 Qxc2 29. Nxc2 1-0